000 00864nam a2200265 i 4500
001 000003584
003 DO-SdBNP
005 20250607073644.0
007 ta
008 090711s2003 dr ac r 000 0 spa d
040 _aDO-SdBNP
_bspa
_cBNPHU
_erda
082 _bR426n
_222
110 1 _aRepública Dominicana.
_b Secretaria de Estado de Salud Pública y Asistencia Social (2001)
_956549
245 1 0 _aNormas y procedimientos nacionales para la atención de las infecciones de transmisión sexual (ITS)
250 _a2a. edición
264 _aSanto Domingo :
_bSESPAS,
_c2003
300 _a120 pagina :
_bilustraciones
_c24 cm.
336 _2rdacontent
_atexto
_btxt
337 _2rdamedia
_asin mediación
_bn
338 _2rdacarrier
_avolumen
_bnc
590 _aInventariado, 2023 / DG
650 0 _aPsicología
_9152
910 _aDG
942 _2ddc
_cLBS1
999 _c53926
_d53926